000
00262nam a2200109Ia 4500
999
_c
8037
_d
8037
020
_a
978-8131727249
100
_a
Ronald J. Tocci
245
0
_a
Digital Systems Principles and Applications
260
_a
India
_b
Microsoft Press
_c
2012
300
_a
220
942
_c
BK